| 000 | 01025nam a2200301 a 4500 | ||
|---|---|---|---|
| 001 | 25753 | ||
| 003 | BD-RjUL | ||
| 005 | 20211209050925.0 | ||
| 008 | 140319s1981 ii bf b f00110 eng | ||
| 020 | _a0195612604 : | ||
| 035 | _a(BD-RjUL)25823 | ||
| 039 | 0 |
_a2 _b3 _c3 _d3 _e3 |
|
| 040 |
_aDLC _cDLC _dBOS _dBD-RjUL _beng |
||
| 041 | _aeng | ||
| 082 |
_a954.14 _bAHB 1981 |
||
| 100 | 1 | 0 |
_aAhmed, Rafiuddin, _d1941- _979054 |
| 245 | 1 | 4 |
_aThe Bengal Muslims, 1871-1906 : _ba quest for identity / _cRafiuddin Ahmed. |
| 260 |
_aDelhi ; _aNew York : _bOxford University Press, _cc1981. |
||
| 300 |
_axvi, 271 p. : _bmaps ; _c23 cm. |
||
| 500 | _aRevision of the author's thesis (doctoral--Oxford) | ||
| 504 | _aIncludes bibliography (p. 251-263) and index. | ||
| 650 | 0 |
_aMuslims _zIndia _zBengal _xPolitics and government. _979102 |
|
| 650 | 0 |
_aIslam and politics _zIndia _zBengal. _979056 |
|
| 651 | 0 |
_aBengal (India) _xPolitics and government. _979103 |
|
| 942 |
_2ddc _cBK |
||
| 999 |
_c25753 _d25753 |
||